Markets (Record no. 84362)

MARC details
000 -LEADER
fixed length control field 00959cab a22001935a 4500
001 - CONTROL NUMBER
control field L157375
008 - FIXED-LENGTH DATA ELEMENTS--GENERAL INFORMATION
fixed length control field 121119e2012 xxk 000 0 eng d
035 ## - SYSTEM CONTROL NUMBER
System control number (Sirsi) u157375
041 0# - LANGUAGE CODE
Language code of text/sound track or separate title eng
100 1# - MAIN ENTRY--PERSONAL NAME
Personal name Hatcher, David
245 00 - TITLE STATEMENT
Title Markets
Remainder of title East Midlands
260 ## - PUBLICATION, DISTRIBUTION, ETC.
Date of publication, distribution, etc. 2012
490 #0 - SERIES STATEMENT
Series statement Property Week
Volume/sequential designation 78(44) 2 November 2012, 53-60(4)
520 ## - SUMMARY, ETC.
Summary, etc. Provides an overview of recent commercial property activity in the region: Urban Outfitters and Whole Foods are tipped to arrive at Capital Shopping Centres' Nottingham shopping centres; LXB Retail Properties' planning consent to develop a 465 000 sq ft retail park at Rushden Lakes, Northamptonshire has outraged landlords of competing schemes. Network Rail and St Modwen hope to finalise a plan to build a 102 000 sq ft Sainsbury's superstore on Network Rail' Chaddesden Triangle site in Derby.
590 ## - LOCAL NOTE (RLIN)
Local note KA
651 #4 - SUBJECT ADDED ENTRY--GEOGRAPHIC NAME
Geographic name East Midlands
690 ## - LOCAL SUBJECT ADDED ENTRY--TOPICAL TERM (OCLC, RLIN)
Topical term or geographic name as entry element Commercial property
9 (RLIN) 6227
942 ## - ADDED ENTRY ELEMENTS (KOHA)
Suppress in OPAC 0
Holdings
Withdrawn status Lost status Source of classification or shelving scheme Damaged status Not for loan Home library Current library Shelving location Date acquired Total Checkouts Full call number Barcode Date last seen Copy number Price effective from Koha item type
    Dewey Decimal Classification     London London Journal article 19/11/2012   L157375 157375-1001 06/08/2019 1 06/08/2019 Journal article